| 000 | 00872nam a2200277Ia 4500 | ||
|---|---|---|---|
| 999 |
_c4908 _d4908 |
||
| 001 | 34924969 | ||
| 003 | OCoLC | ||
| 005 | 20181217185529.0 | ||
| 008 | 960613t19951984miu rb 000 0 eng d | ||
| 010 | _a84006017 | ||
| 020 | _a0802800807 (pbk.) | ||
| 035 | _a.b10692964 | ||
| 040 |
_aGFC _cGFC _dMZN _dOCoLC |
||
| 082 |
_a261.7 _bN485N |
||
| 090 |
_aBL2525 _b.N48 1995 |
||
| 100 | 1 | _aNeuhaus, Richard John | |
| 245 | 1 | 4 |
_aThe naked public square : _breligion and democracy in America / _cby Richard John Neuhaus |
| 250 | _a2nd ed | ||
| 260 |
_aGrand Rapids, Mich. : _bW.B. Eerdmans Pub. Co., _c1995, c1984 |
||
| 300 |
_axii, 280 p. ; _c24 cm |
||
| 504 | _aIncludes bibliographical references and index | ||
| 650 | 0 |
_aReligion and politics _zUnited States |
|
| 651 | 0 |
_aUnited States _xReligion _y1960- |
|
| 651 | 0 |
_aUnited States _xMoral conditions |
|
| 942 |
_2ddc _cBK |
||